[Event "Sherbrooke CC-ch"]
[Site "Sherbrooke"]
[Date "2005.04.15"]
[Round "1"]
[White "Jolin, Fernand"]
[Black "Laplante, Sebastien"]
[Result "1-0"]
[WhiteElo "1411"]
[BlackElo "1184"]
[PlyCount "85"]
[EventDate "2005.04.15"]
[EventType "swiss"]
[EventRounds "5"]
[EventCountry "CAN"]
[SourceTitle "EXT 2006"]
[Source "ChessBase"]
[SourceDate "2005.11.24"]
[SourceVersion "1"]
[SourceVersionDate "2005.11.24"]
[SourceQuality "1"]

1. Nf3 d5 2. d4 c6 3. g3 e6 4. Bg2 Nd7 5. 0-0 Bd6 6. e3 Nh6 7. b3 f6 8. Nbd2 Qe7 9. c4 e5 10. c5 Bc7 11. b4 b5 12. a4 Ba6 13. a5 e4 14. Ne1 0-0-0 15. Nb3 Nf8 16. f3 f5 17. fxe4 dxe4 18. Bh3 g6 19. Bb2 Rd5 20. Ng2 Ne6 21. Nf4 Bxf4 22. exf4 Rhd8 23. Qd2 Qf6 24. Rad1 Nf7 25. Qe3 h6 26. g4 g5 27. fxg5 Nfxg5 28. Bg2 f4 29. Qd2 e3 30. Qe2 R5d7 31. d5 Qf7 32. dxe6 Qxe6 33. Rxd7 Rxd7 34. Nd4 Rxd4 35. Bxd4 Qf7 36. Bxc6 f3 37. Bxf3 Nh3+ 38. Kh1 Bb7 39. Bxb7+ Qxb7+ 40. Qg2 Nf2+ 41. Rxf2 exf2 42. Qxb7+ Kxb7 43. Bxf2 1-0

[Event "Sherbrooke Perpetuelles Ete"]
[Site "Sherbrooke"]
[Date "2004.08.13"]
[Round "5"]
[White "Jolin, Fernand"]
[Black "Mathieu, Jean Philippe"]
[Result "1-0"]
[WhiteElo "1285"]
[BlackElo "1427"]
[PlyCount "113"]
[EventDate "2004.??.??"]
[EventType "swiss"]
[EventRounds "7"]
[EventCountry "CAN"]
[SourceTitle "EXT 2006"]
[Source "ChessBase"]
[SourceDate "2005.11.24"]
[SourceVersion "1"]
[SourceVersionDate "2005.11.24"]
[SourceQuality "1"]

1. Nf3 c5 2. g3 Nf6 3. Bg2 d5 4. 0-0 Nc6 5. d4 cxd4 6. Nxd4 e5 7. Nxc6 bxc6 8. Bg5 Be7 9. Bxf6 Bxf6 10. c4 e4 11. Nc3 Be6 12. cxd5 cxd5 13. Rb1 0-0 14. e3 h5 15. Qd2 h4 16. f4 exf3 17. Bxf3 Qa5 18. b4 Qc7 19. Nxd5 Bxd5 20. Bxd5 Rad8 21. Qg2 hxg3 22. hxg3 Rfe8 23. Rfc1 Qb6 24. Kh1 Rxe3 25. Rc4 Qd6 26. Bf3 Be5 27. Rg4 Qd2 28. a4 Qxg2+ 29. Kxg2 a5 30. b5 Rb3 31. Re4 Bf6 32. Rd1 Rxd1 33. Bxd1 Rb4 34. Re8+ Kh7 35. Ra8 Bc3 36. Rb8 Rb2+ 37. Kh3 f5 38. Rc8 Bd4 39. Rc4 Rd2 40. Bc2 Kg6 41. g4 Be5 42. Bxf5+ Kg5 43. Rc2 Rd1 44. Be4 Kf4 45. Bg2 Rd3+ 46. Kh4 Rd8 47. Rf2+ Ke3 48. Rf3+ Kd4 49. Rf5 g6 50. Rf7 Kc4 51. Be4 Rg8 52. Kg5 Kb4 53. Bc2 Bd4 54. Rf4 Kc3 55. Re4 Rd8 56. Re2 Rd6 57. Bxg6 1-0

[Event "Sherbrooke Perpetuelles Ete"]
[Site "Sherbrooke"]
[Date "2004.08.06"]
[Round "4"]
[White "Jolin, Fernand"]
[Black "Poirier, Vincent"]
[Result "1-0"]
[WhiteElo "1285"]
[BlackElo "1575"]
[PlyCount "92"]
[EventDate "2004.??.??"]
[EventType "swiss"]
[EventRounds "7"]
[EventCountry "CAN"]
[SourceTitle "EXT 2006"]
[Source "ChessBase"]
[SourceDate "2005.11.24"]
[SourceVersion "1"]
[SourceVersionDate "2005.11.24"]
[SourceQuality "1"]

1. Nf3 d5 2. g3 Nc6 3. Bg2 e5 4. d3 Nf6 5. Bg5 Be7 6. Bxf6 Bxf6 7. 0-0 0-0 8. Nbd2 Re8 9. e4 Be6 10. Re1 Qd7 11. a3 Bh3 12. b4 Bxg2 13. Kxg2 a6 14. Rb1 b5 15. Nb3 Be7 16. exd5 Qxd5 17. Kg1 Rad8 18. Nfd2 f5 19. Qf3 Qxf3 20. Nxf3 Bf6 21. Nc5 Nd4 22. Nxd4 exd4 23. Nxa6 Rxe1+ 24. Rxe1 c6 25. Re6 Rc8 26. Nc5 Kf7 27. Re2 Ra8 28. Re6 Rc8 29. Rd6 Ke7 30. Rd7+ Ke8 31. Ra7 Be5 32. f4 Bf6 33. Ne6 h6 34. Nxg7+ Bxg7 35. Rxg7 Kf8 36. Rh7 Kg8 37. Rxh6 c5 38. Rf6 cxb4 39. axb4 Rxc2 40. Rxf5 Rd2 41. Rxb5 Rxd3 42. Kg2 Rb3 43. Kf1 d3 44. Ke1 Rb2 45. h3 Rg2 46. Kd1 Rxg3 1-0

[Event "Sherbrooke Perpetuelles 46-51"]
[Site "Sherbrooke"]
[Date "2004.06.11"]
[Round "4"]
[White "Blanchette Gobeil, William"]
[Black "Jolin, Fernand"]
[Result "0-1"]
[WhiteElo "1100"]
[BlackElo "1294"]
[PlyCount "90"]
[EventDate "2004.??.??"]
[EventType "swiss"]
[EventRounds "6"]
[EventCountry "CAN"]
[SourceTitle "EXT 2006"]
[Source "ChessBase"]
[SourceDate "2005.11.24"]
[SourceVersion "1"]
[SourceVersionDate "2005.11.24"]
[SourceQuality "1"]

1. e4 e5 2. Nf3 d6 3. d4 exd4 4. Nxd4 Bd7 5. Qe2 Nf6 6. e5 dxe5 7. Qxe5+ Qe7 8. Qxe7+ Bxe7 9. Bf4 Nd5 10. Bg3 Nc6 11. Nxc6 Bxc6 12. c4 Nb4 13. Na3 Na6 14. 0-0-0 0-0 15. Be5 Bxa3 16. bxa3 Rfe8 17. Bc3 Re6 18. c5 Nxc5 19. Bb4 Ne4 20. Bc4 Rf6 21. Rhe1 Nxf2 22. Rd2 h6 23. Bc3 Rf5 24. Bd3 Nxd3+ 25. Rxd3 Bxg2 26. Rg3 Rg5 27. Rge3 Bc6 28. Re7 Rc5 29. Kc2 Kf8 30. Rxc7 Be4+ 31. Rxe4 Rxc7 32. Kb3 Rac8 33. Re3 g5 34. Bb4+ Kg8 35. Bd6 Rd7 36. Be5 Re8 37. Kb4 f6 38. a4 Rxe5 39. Rc3 a5+ 40. Kc4 Rc7+ 41. Kd4 Rxc3 42. Kxc3 Re2 43. Kb3 Rxh2 44. a3 Rh4 45. Kb2 Rxa4 0-1

[Event "Sherbrooke Perpetuelles 31-35"]
[Site "Sherbrooke"]
[Date "2004.02.13"]
[Round "4"]
[White "Jolin, Fernand"]
[Black "Labranche, Francois"]
[Result "1-0"]
[WhiteElo "1300"]
[BlackElo "669"]
[PlyCount "73"]
[EventDate "2004.01.??"]
[EventType "swiss"]
[EventRounds "5"]
[EventCountry "CAN"]
[SourceTitle "EXT 2005"]
[Source "ChessBase"]
[SourceDate "2004.11.15"]
[SourceVersion "1"]
[SourceVersionDate "2004.11.15"]
[SourceQuality "1"]

1. Nf3 c5 2. g3 d5 3. Bg2 Nf6 4. 0-0 Bf5 5. d3 Nc6 6. Bg5 Qd6 7. Bxf6 Qxf6 8. c3 Rd8 9. Nh4 e6 10. Nxf5 Qxf5 11. e4 Qg6 12. exd5 exd5 13. Qe2+ Be7 14. Nd2 0-0 15. Nf3 Rfe8 16. Rfe1 d4 17. cxd4 cxd4 18. Ne5 Qf6 19. Nxc6 bxc6 20. Rac1 c5 21. Qe5 Kf8 22. Qxf6 Bxf6 23. Rxe8+ Rxe8 24. Rxc5 Re1+ 25. Bf1 Rd1 26. Rc8+ Ke7 27. Rc7+ Kf8 28. Rxa7 Bg5 29. Kg2 Rd2 30. Kf3 Rxb2 31. h4 Bd2 32. a4 Ra2 33. Ke4 Ra1 34. Bh3 Bc3 35. Ke5 g6 36. Kf6 Ke8 37. Ra8# 1-0

[Event "Sherbrooke Perpetuelles 01-05"]
[Site "Sherbrooke"]
[Date "2003.06.13"]
[Round "2"]
[White "Morin, Louis"]
[Black "Jolin, Fernand"]
[Result "0-1"]
[WhiteElo "1022"]
[BlackElo "1412"]
[PlyCount "74"]
[EventDate "2003.06.??"]
[EventType "swiss"]
[EventRounds "5"]
[EventCountry "CAN"]
[SourceTitle "EXT 2006"]
[Source "ChessBase"]
[SourceDate "2005.11.24"]
[SourceVersion "1"]
[SourceVersionDate "2005.11.24"]
[SourceQuality "1"]

1. e4 e5 2. Nc3 Nc6 3. Nf3 d6 4. Bc4 h6 5. a3 Bg4 6. b4 Nd4 7. Bb5+ c6 8. Be2 Nf6 9. d3 Nxe2 10. Qxe2 Be7 11. 0-0 0-0 12. Be3 d5 13. h3 Bxf3 14. Qxf3 d4 15. Bxh6 gxh6 16. Qg3+ Kh7 17. Ne2 Qd6 18. c4 Rg8 19. c5 Qe6 20. Qf3 Rg7 21. Qf5+ Qxf5 22. exf5 Rag8 23. g3 Nd5 24. f4 exf4 25. Nxf4 Nxf4 26. Rxf4 Rxg3+ 27. Kf2 Rxd3 28. Re1 Bg5 29. Rfe4 Rxh3 30. Rxd4 Bh4+ 31. Rxh4 Rxh4 32. Re7 Rf4+ 33. Ke3 Rxf5 34. Ke4 Rf1 35. Ke5 Re1+ 36. Kf6 Rg6+ 37. Kxf7 Rg7+ 0-1